Normal view
MARC view
- الفقه الحنفي
Entry Topical Term
001 - CONTROL NUMBER
- control field: 57814
003 - CONTROL NUMBER IDENTIFIER
- control field: JO-AjAnu
005 - DATE AND TIME OF LATEST TRANSACTION
- control field: 20230606083450.0
008 - FIXED-LENGTH DATA ELEMENTS
- fixed length control field: 230606|| aca||aabn | a|a d
040 ## - CATALOGING SOURCE
- Original cataloging agency: JO-AjAnu
- Transcribing agency: JO-AjAnu
150 ## - HEADING--TOPICAL TERM
- Topical term or geographic name entry element: الفقه الحنفي
670 ## - SOURCE DATA FOUND
- Source citation: Work cat.: (JO-AjAnu)29497: اعداد حسين، نبراس سالم حسين؛ اشراف محمد حمد عبد الحميد, author 57813, الملتقطات في المسائل الواقعات تأليف مسعود بن شجاع الاموي الحنفي(ت 599ه) من بداية كتاب الطهارة الى نهاية كتاب السرقة(دراسة وتحقيق)=Collections in practical Issues By Masud Bin Shuja'a Al-amawi Al-Hanafi from The Beginning of The Book Until the Titel of Stealing